52 chiêu trị gia

محفوظ في:
التفاصيل البيبلوغرافية
التنسيق: كتاب
اللغة:Undetermined
منشور في: Hà Nội Lao động 2007
الموضوعات:
الوسوم: إضافة وسم
لا توجد وسوم, كن أول من يضع وسما على هذه التسجيلة!
Thư viện lưu trữ: Trung tâm Học liệu Trường Đại học Cần Thơ
LEADER 00530nam a2200181Ia 4500
001 CTU_129166
008 210402s9999 xx 000 0 und d
020 |c 29000 
082 |a 640 
082 |b N114 
245 0 |a 52 chiêu trị gia 
245 0 |c Minh Anh biên soạn 
260 |a Hà Nội 
260 |b Lao động 
260 |c 2007 
650 |a Family education,Family life,Cuộc sống gia đình,Giáo dục gia đình 
904 |i Tuyến 
980 |a Trung tâm Học liệu Trường Đại học Cần Thơ